| 000 | 01037cam a22003135a 4500 | ||
|---|---|---|---|
| 001 | 016726280 | ||
| 003 | OSt | ||
| 005 | 20201128024156.0 | ||
| 008 | 150427t2014 maua frb 001 0 eng d | ||
| 020 | _a9781292015286 | ||
| 020 | _a1292015284 | ||
| 040 |
_aStDuBDS _beng _cStDuBDS _dEG-ScBUE _dEG-ScBUE |
||
| 082 | 0 | 4 |
_a621.3822 _bPHI _222 |
| 100 | 1 |
_aPhillips, Charles L. _95406 |
|
| 245 | 1 | 0 |
_aSignals, systems, and transforms / _cCharles L. Phillips, John M. Parr, Eve A. Riskin. |
| 250 | _a5th ed., Global ed. | ||
| 260 |
_aHarlow : _bPearson Education Limited, _cc.2014. |
||
| 300 |
_a811 p. : _bill. ; _c24 cm. |
||
| 504 | _aIncludes bibliographical references and index. | ||
| 650 | 7 |
_aMultiple signal classification. _2BUEsh |
|
| 650 | 7 |
_aTransformations (Mathematics) _2BUEsh _95408 |
|
| 650 | 7 |
_aSystem analysis. _2BUEsh _9734 |
|
| 651 | _2BUEsh | ||
| 653 |
_bENGELC _cSeptember2017 _cOctober2017 |
||
| 655 |
_vText book _933728 |
||
| 700 | 1 | 0 | _aParr, John M. |
| 700 | 1 |
_aRiskin, Eve A. _q(Eve Ann) |
|
| 942 | _2ddc | ||
| 999 |
_c25460 _d25432 |
||